| 000 | 00361nam a22001337a 4500 | ||
|---|---|---|---|
| 082 |
_ap-425 _cD |
||
| 100 |
_asalman zaheer _947611 |
||
| 245 |
_aCase study of sustainable transportation in pakistan _cSalman zaheer, mohsin raza |
||
| 260 |
_aNust MCE _bMCE _c2009 |
||
| 300 |
_a57p.: _c40cm. |
||
| 526 |
_a0 _b0 _c0 _dP_425 |
||
| 650 | _aProject | ||
| 942 |
_2ddc _cBK |
||
| 999 |
_c550797 _d550797 |
||